000 00989aam a2200313 a 4500
003 UkOxU
005 20230301161328.0
008 230301s2008 enka b 001 0 eng d
010 _a2007011458
020 _a9781405158732 (hbk.)
020 _a1405158735 (hbk.)
041 _aeng
082 0 0 _a711.58
100 1 _aSmith, Carl,
245 1 0 _aResidential landscape sustainability :
_ba checklist tool /
_cCarl Smith, Andy Clayden, Nigel Dunnett.
260 _aOxford :
_bBlackwell,
_c2008.
300 _avii, 197 p. :
_bill. (chiefly col.) ;
_c26 cm.
504 _aIncludes bibliographical references and index.
650 0 _aLandscape design
650 0 _aSustainable horticulture
650 0 _aEcological houses
651 _aUnited Kingdom
700 1 _aClayden, Andy
700 1 _aSmith, Carl
700 1 _aDunnett, Nigel
856 4 1 _uhttp://www.loc.gov/catdir/toc/ecip0713/2007011458.html
_zTable of contents
942 _n0
999 _c121384
_d121384